| 000 | 00725nam a2200181Ia 4500 | ||
|---|---|---|---|
| 003 | IN-BaIIA | ||
| 008 | 211028s9999 xx 000 0 eng d | ||
| 040 | _cIIA Library | ||
| 080 |
_a083.7:62 _bAME |
||
| 110 |
_aAmerican Society of Mechanical Engineers _912082 |
||
| 245 | 0 |
_a1980 ASME boiler and pressure vessel code section III nuclear power plant components,Division 2 code for concrete reacto _cthe American Society of Mechanical Engineers |
|
| 260 |
_aNew York _bThe American Society of Mechanical Engineers _c1980 |
||
| 300 | _a[various pagings.] | ||
| 650 |
_aBoiler and Pressure Vessel Code _912083 |
||
| 650 |
_aConcrete Reactor Vessels _912084 |
||
| 650 |
_aNuclear Power Plant _912085 |
||
| 942 | _cBK | ||
| 999 |
_c7063 _d7063 |
||